Normal view MARC view

Entry Nome pessoal

Number of records used in: 1

001 - NÚMERO DE CONTROLE

  • campo de controle: 723

003 - IDENTIFICADOR DO NÚMERO DE CONTROLE

  • campo de controle: Br

005 - DATA E HORÁRIO DA ÚLTIMA TRANSAÇÃO

  • campo de controle: 20250331101442.0

008 - CAMPO DE DADOS FIXOS

  • campo de controle de tamanho fixo: 050125|| acnacaban aaaa d

035 ## - NÚMERO DE CONTROLE DO SISTEMA

  • Número de Controle do Sistema: 2005012513215920med

040 ## - FONTE DA CATALOGAÇÃO

  • Instituição da catalogação original: Br
  • Instituição que transcreveu o registro: Br
  • Convenções de cabeçalho de assunto/tesauros: Br

100 1# - CABEÇALHO--NOME PESSOAL

  • Nome pessoal: Sena, Jorge de,
  • Datas associadas ao nome: 1919-1978.
  • Função do autor por extenso: TRADUTOR

670 1# - FONTE POSITIVA DOS DADOS

  • Citação da fonte positiva dos dados: Autor de: O físico prodigioso.c1979.

670 ## - FONTE POSITIVA DOS DADOS

  • Citação da fonte positiva dos dados: Gde. enc. port. bras.
  • Dados encontrados na fonte localizada no subcampo: (d.n.)

670 ## - FONTE POSITIVA DOS DADOS

  • Citação da fonte positiva dos dados: Delta.
  • Dados encontrados na fonte localizada no subcampo: (Jorge de Sena; d.n.)

670 ## - FONTE POSITIVA DOS DADOS

  • Citação da fonte positiva dos dados: Jornais jun. 78.
  • Dados encontrados na fonte localizada no subcampo: (d.m.)

675 ## - FONTE NEGATIVA DOS DADOS

  • Citação da fonte positiva dos dados: Contistas portug. modernos.
  • Citação da fonte positiva dos dados: Koogan-Larousse.

Powered by Koha